Superman's Powers Quiz Stats

 Plays Quiz Updated Jul 5, 2018

Also try: Superman Villains
Challenge
Share
Tweet
Embed
Score 0/8 Timer 02:00
0 Plays Today
% Correct
Flight
95.7%
Superhuman strength
93.8%
Superhuman speed
91.1%
X-ray vision
90.6%
Heat vision
88%
Superhuman senses
85%
Freeze breath
72.8%
Invulnerability
70.6%

You're not logged in!

Compare scores with friends on all Sporcle quizzes.
Join for Free
OR
Log In

You Might Also Like...

Show Comments

Extras

Top Quizzes Today


Score Distribution

Your Account Isn't Verified!

In order to create a playlist on Sporcle, you need to verify the email address you used during registration. Go to your Sporcle Settings to finish the process.

Report this User

Report this user for behavior that violates our Community Guidelines.

Details: